[Event "IV Campeonato de España de Selecciones"]
[Site "?"]
[Date "2009.05.01"]
[Round "2.1"]
[White "Sesma Rubio, Patxi"]
[Black "Fernandez Molina, Victor"]
[Result "1-0"]
[WhiteElo "2080"]
[BlackElo "1906"]
[PlyCount "128"]
[EventDate "2009.??.??"]
[SourceDate "2009.05.01"]

1. d4 Nf6 2. c4 e6 3. g3 d5 4. Bg2 c6 5. Nf3 Bd6 6. O-O O-O 7. Qc2 Nbd7 8. Rd1
Re8 9. Nc3 dxc4 10. Ne5 Nb6 11. Bg5 h6 12. Bxf6 Qxf6 13. Ne4 Qe7 14. a4 Bd7 15.
a5 Nd5 16. Nxc4 Bc7 17. Ne5 f5 18. Nc5 Bxe5 19. dxe5 b6 20. Nb7 Rf8 21. Nd6 f4
22. Qg6 Be8 23. Qc2 Qg5 24. axb6 Bg6 25. Qxc6 Nxb6 26. Qc7 fxg3 27. hxg3 Nd5
28. Rxd5 exd5 29. Bxd5+ Kh7 30. Bxa8 Rxa8 31. e6 Qd2 32. Qb7 Rg8 33. Ne4 Qd4
34. Nc3 Re8 35. Rxa7 Rxe6 36. Qd7 Rd6 37. Qe7 Rb6 38. e3 Qf6 39. Qxf6 Rxf6 40.
Rb7 Ra6 41. e4 Ra1+ 42. Kg2 Rc1 43. Kf3 Rc2 44. Ke3 Be8 45. Rb6 Rc1 46. Nd5
Re1+ 47. Kf4 Re2 48. f3 Rf2 49. g4 h5 50. Kg3 Rf1 51. gxh5 Bxh5 52. f4 Bd1 53.
b4 Re1 54. Re6 Bc2 55. e5 Be4 56. Rd6 Rb1 57. Rd7 Bxd5 58. Rxd5 Rxb4 59. Kg4
Rb7 60. Kg5 Rb1 61. e6 Rb8 62. e7 Re8 63. Re5 Kh8 64. Kg6 Kg8 1-0

[Event "IV Campeonato de España de Selecciones"]
[Site "?"]
[Date "2009.05.01"]
[Round "2.2"]
[White "Diaz Sanchez, Jose Francisco"]
[Black "Ortega Lopez, Adrian"]
[Result "1/2-1/2"]
[WhiteElo "1952"]
[BlackElo "1882"]
[PlyCount "138"]
[EventDate "2009.??.??"]
[SourceDate "2009.05.01"]

1. e4 c5 2. Nf3 Nc6 3. d4 cxd4 4. Nxd4 g6 5. Nc3 Bg7 6. Be3 Nf6 7. f3 O-O 8.
Qd2 d5 9. Nxd5 Nxd5 10. exd5 Qxd5 11. Nxc6 Qxc6 12. O-O-O Be6 13. Kb1 Rac8 14.
Bd3 Bc4 15. Bxc4 Qxc4 16. Qd3 Qb4 17. Qb3 Qxb3 18. axb3 b6 19. Rd7 Ra8 20. Rxe7
Rfe8 21. Rxe8+ Rxe8 22. Re1 f5 23. Bd2 Rxe1+ 24. Bxe1 Kf7 25. c3 Ke6 26. Kc2 h5
27. Kd3 b5 28. b4 g5 29. Bf2 f4 30. h3 a6 31. Ke4 h4 32. Bd4 Bf8 33. b3 Be7 34.
Bg7 Kf7 35. Be5 Ke6 36. Bd4 Bf8 37. Bc5 Bg7 38. Bd4 Bf8 39. Bf2 Be7 40. Be1 Bf8
41. c4 Be7 42. Bc3 Bf8 43. c5 Be7 44. Be5 Bf8 45. Bd4 Be7 46. Bg7 Bd8 47. Bh8
Be7 48. Bg7 Bd8 49. Kd4 Be7 50. Ke4 Bd8 51. Be5 Be7 52. Bd6 Bd8 53. Be5 Be7 54.
Kd4 Bd8 55. c6 Be7 56. c7 Kd7 57. Kd5 Bxb4 58. Bf6 Kxc7 59. Bxg5 a5 60. Bxh4 a4
61. bxa4 bxa4 62. Kc4 Bd6 63. Bf6 Kd7 64. h4 Ke6 65. Bc3 a3 66. Kb3 Kf5 67. Bd2
Kg6 68. Bxf4 Bxf4 69. Kxa3 Bg3 1/2-1/2

[Event "IV Campeonato de España de Selecciones"]
[Site "?"]
[Date "2009.05.01"]
[Round "2.3"]
[White "Idiazabal Troyas, Aritz"]
[Black "Javaloy Guerrero, Manuel"]
[Result "1-0"]
[WhiteElo "1838"]
[BlackElo "1825"]
[PlyCount "55"]
[EventDate "2009.??.??"]
[SourceDate "2009.05.01"]

1. e4 c5 2. d4 cxd4 3. c3 d3 4. Nf3 d6 5. Bxd3 Nf6 6. O-O Nc6 7. h3 e5 8. Qe2
Be7 9. Rd1 O-O 10. Nbd2 Be6 11. Nc4 Qc7 12. Ne3 g6 13. Ng5 d5 14. Nxe6 fxe6 15.
exd5 exd5 16. Nxd5 Nxd5 17. Bc4 Rad8 18. Bh6 Rf5 19. Rxd5 Rxd5 20. Bxd5+ Kh8
21. Rd1 Bc5 22. Be3 Qb6 23. Be4 Rf8 24. Rd7 Bxe3 25. Qxe3 Qxb2 26. Bxc6 Qb1+
27. Kh2 Qf5 28. Rxb7 1-0

[Event "IV Campeonato de España de Selecciones"]
[Site "?"]
[Date "2009.05.01"]
[Round "2.4"]
[White "Garcia Avila, Jose Francisco"]
[Black "Martinez Ayesa, Aitor"]
[Result "1/2-1/2"]
[WhiteElo "1850"]
[BlackElo "1808"]
[PlyCount "118"]
[EventDate "2009.??.??"]
[SourceDate "2009.05.01"]

1. d4 d5 2. Nf3 Nf6 3. e3 Bf5 4. b3 e6 5. Bb2 Bd6 6. Bd3 Bg6 7. O-O Nbd7 8. c4
c6 9. Nc3 O-O 10. Re1 Ne4 11. Ne2 f5 12. Ne5 Nxe5 13. dxe5 Be7 14. Nd4 Bf7 15.
a3 Nc5 16. Be2 Qc7 17. b4 Nd7 18. f4 a5 19. Qb3 Rfc8 20. Rec1 Qd8 21. c5 b6 22.
cxb6 Qxb6 23. Rc2 axb4 24. axb4 Rxa1+ 25. Bxa1 c5 26. Qa4 Qd8 27. Nc6 Ra8 28.
Nxe7+ Kf8 29. Nc6 Rxa4 30. Nxd8 Rxa1+ 31. Kf2 c4 32. Nc6 Nb6 33. Nd4 Ke7 34.
Rb2 Na4 35. Nc2 Nxb2 36. Nxa1 Be8 37. Ke1 Na4 38. Kd2 Bb5 39. Nc2 Bd7 40. Nd4
Nb6 41. Bd1 Na8 42. Ne2 Nc7 43. Nc3 Na6 44. Na2 Kd8 45. Kc3 Kc7 46. Nc1 Kb6 47.
Ne2 Nc7 48. Nd4 Nb5+ 49. Nxb5 Kxb5 50. g3 Be8 51. Be2 Ka4 52. Bf3 Ka3 53. Bd1
Bb5 54. g4 g6 55. gxf5 gxf5 56. Bh5 Bd7 57. h4 Ka4 58. Bd1+ Ka3 59. Bh5 Ka4
1/2-1/2

[Event "IV Campeonato de España de Selecciones"]
[Site "?"]
[Date "2009.05.01"]
[Round "2.5"]
[White "Jimenez Almeida, Luis David"]
[Black "Alsina Lopez, dolfo"]
[Result "1-0"]
[WhiteElo "1790"]
[BlackElo "1658"]
[PlyCount "47"]
[EventDate "2009.??.??"]
[SourceDate "2009.05.01"]

1. e4 e6 2. d4 d5 3. exd5 exd5 4. Nf3 Nf6 5. Bg5 Bg4 6. h3 Bh5 7. Bd3 Bd6 8.
O-O O-O 9. Re1 c6 10. c4 dxc4 11. Bxc4 Nbd7 12. Nbd2 h6 13. Bh4 Qc7 14. Bxf6
Nxf6 15. Ne4 Nxe4 16. Rxe4 Rfe8 17. Qd3 Bg6 18. Rxe8+ Rxe8 19. Qxg6 b5 20. Bb3
a5 21. Nh4 Qe7 22. g3 Kf8 23. Qh7 Qe2 24. Nf5 1-0

[Event "IV Campeonato de España de Selecciones"]
[Site "?"]
[Date "2009.05.01"]
[Round "2.4"]
[White "Martinez Fernandez de Arcaya, Ignacio"]
[Black "Valles Moreno, Ivan"]
[Result "0-1"]
[WhiteElo "2206"]
[BlackElo "2405"]
[PlyCount "82"]
[EventDate "2009.??.??"]
[SourceDate "2009.05.01"]

1. d4 f5 2. Nc3 Nf6 3. Bg5 d5 4. Bxf6 exf6 5. e3 Be6 6. Bd3 Nc6 7. Qf3 Qd7 8.
Nge2 O-O-O 9. O-O-O Kb8 10. h3 h5 11. Kb1 h4 12. Nf4 Bf7 13. g4 hxg3 14. fxg3
Nb4 15. Be2 g5 16. Nd3 Nxd3 17. cxd3 Bb4 18. Qf2 Rh6 19. Bf3 Rdh8 20. Bg2 c6
21. Rhf1 Bg6 22. a3 Bd6 23. Ka1 Bc7 24. Rg1 Re8 25. Rde1 Qd6 26. Bf1 Rh7 27.
Ka2 Rhe7 28. Qf3 Re6 29. Rg2 Qe7 30. Rge2 Qh7 31. Rd2 Bb6 32. Rde2 Bh5 33. g4
fxg4 34. hxg4 Bg6 35. e4 dxe4 36. Nxe4 Bxd4 37. Bg2 Qd7 38. Ka1 Bf7 39. Ng3
Rxe2 40. Rxe2 Rxe2 41. Qxe2 Qe6 0-1

[Event "IV Campeonato de España de Selecciones"]
[Site "?"]
[Date "2009.05.01"]
[Round "2.1"]
[White "Gomez Esteban, Juan Mario"]
[Black "Veganzones Rojo, David"]
[Result "1-0"]
[WhiteElo "2495"]
[BlackElo "2103"]
[PlyCount "68"]
[EventDate "2009.??.??"]
[SourceDate "2009.05.01"]

1. d4 d5 2. c4 c6 3. Nc3 Nf6 4. e3 a6 5. Nf3 b5 6. b3 Bg4 7. Bd2 Nbd7 8. h3
Bxf3 9. Qxf3 b4 10. Na4 Ne4 11. Qd1 e5 12. Bd3 Nxd2 13. Qxd2 exd4 14. O-O Qf6
15. cxd5 cxd5 16. exd4 Bd6 17. Rfe1+ Kf8 18. Rac1 Qxd4 19. Qc2 Ne5 20. Bf1 g6
21. Red1 Qf4 22. g3 Nf3+ 23. Kh1 Qf6 24. Bg2 Kg7 25. Nb6 Nd4 26. Qb2 Be5 27.
Nd7 Nc6 28. Qc2 Qe6 29. Qxc6 Bc3 30. Qxd5 Qxd5 31. Rxd5 Rae8 32. Bf3 Re7 33.
Kg2 Rhe8 34. Nc5 a5 1-0

[Event "IV Campeonato de España de Selecciones"]
[Site "?"]
[Date "2009.05.01"]
[Round "2.3"]
[White "Garza Marco, Sergio"]
[Black "Aguera Naredo, Javier"]
[Result "1-0"]
[WhiteElo "2417"]
[BlackElo "2380"]
[PlyCount "91"]
[EventDate "2009.05.01"]
[SourceDate "2009.05.01"]

1. d4 Nf6 2. c4 g6 3. Nc3 Bg7 4. Nf3 O-O 5. Bg5 c5 6. d5 d6 7. e3 e6 8. Nd2
exd5 9. cxd5 h6 10. Bh4 Nbd7 11. Be2 a6 12. a4 b6 13. O-O Qe7 14. Nc4 g5 15.
Bg3 Ne8 16. e4 Rb8 17. Bg4 Ne5 18. Bxc8 Rxc8 19. Nxb6 Rb8 20. a5 Nc7 21. Qe2
Rfe8 22. Rfe1 Red8 23. Rac1 Qe8 24. b4 cxb4 25. Na2 b3 26. Rxc7 bxa2 27. Qxa2
Nd3 28. Re3 Qb5 29. h3 Bd4 30. Rf3 Ne5 31. Bxe5 Bxe5 32. Rb3 Qe8 33. Rb4 Bg7
34. Qc4 Qe5 35. Rb1 Re8 36. Re1 Qb2 37. Qxa6 Rxe4 38. Rc8+ Kh7 39. Qd3 f5 40.
Rxe4 Rxc8 41. Nxc8 fxe4 42. Qxe4+ Kh8 43. Qe8+ Kh7 44. g3 Qb1+ 45. Kg2 Be5 46.
Nxd6 1-0

[Event "IV Campeonato de España de Selecciones "]
[Site "?"]
[Date "2009.05.01"]
[Round "2.2"]
[White "Garcia Rodriguez, Juan Carlos"]
[Black "Argandoña Riveiro, Iñigo"]
[Result "0-1"]
[WhiteElo "2017"]
[BlackElo "2371"]
[PlyCount "62"]
[EventDate "2009.??.??"]
[SourceDate "2009.05.01"]

1. d4 d6 2. Nf3 Nf6 3. Bf4 g6 4. e3 Bg7 5. Be2 O-O 6. h3 Nfd7 7. Nbd2 e5 8. Bg3
Qe7 9. dxe5 Nxe5 10. c3 Nbd7 11. O-O Nc5 12. Nxe5 dxe5 13. e4 Bh6 14. Nf3 f6
15. Bc4+ Kg7 16. Qc2 Be6 17. Bxe6 Nxe6 18. Rad1 Rfd8 19. Qa4 a6 20. h4 Rxd1 21.
Rxd1 Rd8 22. h5 Nc5 23. Qc2 Rxd1+ 24. Qxd1 Nxe4 25. Nh4 Nxg3 26. fxg3 f5 27.
hxg6 hxg6 28. Nf3 Be3+ 29. Kf1 e4 30. Nd4 Qd6 31. Ke2 Bxd4 0-1

[Event "IV Campeonato de España de Selecciones "]
[Site "?"]
[Date "2009.05.01"]
[Round "2.5"]
[White "Diaz Herrero, Alvaro"]
[Black "Ausin Matilla, Daniel"]
[Result "1/2-1/2"]
[WhiteElo "2121"]
[BlackElo "1936"]
[PlyCount "106"]
[EventDate "2009.??.??"]
[SourceDate "2009.05.01"]

1. e4 c5 2. Nc3 e6 3. Nf3 a6 4. d4 cxd4 5. Nxd4 Qc7 6. Be2 Nc6 7. O-O Nf6 8.
Be3 Bb4 9. Na4 Be7 10. Nxc6 bxc6 11. Nb6 Rb8 12. Nxc8 Qxc8 13. e5 Nd5 14. Bc1
O-O 15. c4 Nc7 16. b3 a5 17. Bd3 Na6 18. f4 f5 19. exf6 Bxf6 20. Qh5 g6 21.
Bxg6 hxg6 22. Qxg6+ Bg7 23. Bb2 Rf7 24. f5 exf5 25. Rxf5 Qe8 26. Raf1 Re7 27.
Qg3 Rb7 28. Bf6 Rf7 29. Qg6 Qe6 30. Re5 Rxf6 31. Rxe6 Rxg6 32. Rxg6 a4 33. Rf3
axb3 34. axb3 Nc5 35. Rfg3 d6 36. Rxd6 Nxb3 37. Rxc6 Nd4 38. Rc8+ Kf7 39. Re3
Be5 40. Rd8 Rb1+ 41. Kf2 Rb2+ 42. Ke1 Rxg2 43. h3 Ne6 44. Rd7+ Kf6 45. Rf3+ Nf4
46. Rf2 Ke6 47. Rd8 Ke7 48. Rd1 Rxf2 49. Kxf2 Nxh3+ 50. Kf3 Ng5+ 51. Kg4 Nf7
52. Kf5 Nd6+ 53. Kxe5 Nxc4+ 1/2-1/2

[Event "IV Campeonato de España de Selecciones"]
[Site "?"]
[Date "2009.05.01"]
[Round "2.6"]
[White "Romero Diez, Sandra"]
[Black "Munoz Perez, Miriam"]
[Result "1/2-1/2"]
[WhiteElo "1652"]
[BlackElo "2065"]
[PlyCount "90"]
[EventDate "2009.??.??"]
[SourceDate "2009.05.01"]

1. d4 Nf6 2. c4 g6 3. Nc3 Bg7 4. e4 d6 5. f3 O-O 6. Bg5 h6 7. Be3 Nbd7 8. Nh3
c5 9. d5 Ne5 10. Nf2 Qb6 11. Qd2 Kh7 12. Be2 a6 13. O-O Qc7 14. h3 g5 15. f4
gxf4 16. Bxf4 Ng6 17. Be3 Bd7 18. Ng4 Nxg4 19. hxg4 Ne5 20. g5 h5 21. Rf4 Bg4
22. Raf1 f6 23. gxf6 Rxf6 24. Rxf6 exf6 25. Nd1 Qd7 26. Nf2 Bxe2 27. Qxe2 Ng4
28. Nxg4 Qxg4 29. Qxg4 hxg4 30. Bf4 Rd8 31. Kf2 b5 32. b3 Bh6 33. Rh1 Re8 34.
Rxh6+ Kg7 35. Rh4 Rxe4 36. Rxg4+ Kf7 37. Kf3 f5 38. Rh4 bxc4 39. bxc4 Rxc4 40.
Rh7+ Kg6 41. Rh6+ Kf7 42. Rxd6 Rc3+ 43. Be3 Ra3 44. Kf4 c4 45. Bd4 Rxa2 1/2-1/2

[Event "IV Campeonato de España de Selecciones"]
[Site "?"]
[Date "2009.05.01"]
[Round "2.5"]
[White "Ceballos Hornero, Daniel"]
[Black "Alonso Rosell, Alvar"]
[Result "0-1"]
[WhiteElo "2209"]
[BlackElo "2442"]
[PlyCount "50"]
[EventDate "2009.??.??"]
[SourceDate "2009.05.01"]

1. c4 c5 2. Nc3 Nc6 3. Nf3 Nf6 4. g3 d5 5. cxd5 Nxd5 6. Bg2 Nc7 7. b3 e5 8. Bb2
Ne6 9. d3 Be7 10. Nd2 O-O 11. O-O Re8 12. Nc4 f6 13. Rc1 Bd7 14. Nd5 Bf8 15. f4
exf4 16. Nxf4 Nxf4 17. Rxf4 Rc8 18. a4 Be6 19. Bc3 b6 20. Rb1 Ne7 21. Rf2 Nd5
22. Bd2 Qd7 23. Kh1 Nb4 24. Rb2 Bxc4 25. bxc4 Qd4 0-1

[Event "IV Campeonato de España de Selecciones"]
[Site "?"]
[Date "2009.05.01"]
[Round "2.6"]
[White "Llaneza Vega, Patricia"]
[Black "Iglesias Gascon, Albanta"]
[Result "1-0"]
[WhiteElo "2229"]
[BlackElo "1993"]
[PlyCount "150"]
[EventDate "2009.??.??"]
[SourceDate "2009.05.01"]

1. e4 e6 2. d4 d5 3. Nd2 c5 4. Ngf3 Nc6 5. exd5 exd5 6. Bb5 Bd6 7. O-O Nge7 8.
dxc5 Bxc5 9. Nb3 Bd6 10. Bg5 O-O 11. h3 h6 12. Bxe7 Bxe7 13. c3 a6 14. Bd3 Bf6
15. Bc2 Ne7 16. Nbd4 Re8 17. Qd2 Bd7 18. Rfd1 Qc7 19. Ne2 Rad8 20. Ng3 Qb6 21.
Nh5 Bf5 22. Ba4 Rf8 23. Re1 Be4 24. Qf4 Rd6 25. Bb3 Ng6 26. Qg3 Bxf3 27. Qxf3
d4 28. Qg4 Kh7 29. Nxf6+ Rxf6 30. Qxd4 Qxd4 31. cxd4 Rd8 32. Rad1 Nh4 33. Re7
Nf5 34. Bc2 g6 35. Bxf5 Rxf5 36. Rxb7 Kg7 37. Ra7 Rd6 38. Rd2 Rfd5 39. Kf1 Kf6
40. Rd3 Ra5 41. a3 Rf5 42. Ke2 Ke6 43. Rf3 Rb5 44. b4 f5 45. Re3+ Kf6 46. Re8
Rbd5 47. Rea8 Rxd4 48. g3 Re4+ 49. Kf1 Ree6 50. h4 Ke5 51. Kg2 g5 52. hxg5 hxg5
53. Rg8 g4 54. Rc8 Rd3 55. Rc5+ Kf6 56. Ra5 Rdd6 57. Ra8 Kg6 58. Rg8+ Kf7 59.
Rg5 Rd3 60. Rgxf5+ Ke7 61. Rg5 Rd4 62. Rae5 Rdd6 63. Rxe6+ Rxe6 64. Rf5 Rd6 65.
Rf4 Rg6 66. f3 gxf3+ 67. Kxf3 Rd6 68. Re4+ Kf7 69. a4 Rd3+ 70. Kf4 Rb3 71. Rc4
Ke7 72. g4 Rb1 73. Ke5 Re1+ 74. Kd5 Ra1 75. b5 axb5 1-0

[Event "IV Campeonato de España de Selecciones"]
[Site "?"]
[Date "2009.05.01"]
[Round "2.1"]
[White "Mascaro March, Pedro"]
[Black "Lorente Penalba, Diego"]
[Result "1-0"]
[WhiteElo "2367"]
[BlackElo "2129"]
[PlyCount "42"]
[EventDate "2009.??.??"]
[SourceDate "2009.05.01"]

1. d4 d5 2. c4 e5 3. e3 exd4 4. exd4 Nf6 5. Nc3 Nc6 6. Nf3 Bg4 7. cxd5 Nxd5 8.
Be2 Be7 9. O-O O-O 10. h3 Bf5 11. a3 Bf6 12. Qb3 Nb6 13. Rd1 Re8 14. Bd3 Qe7
15. d5 Ne5 16. a4 Nbd7 17. Nd4 Nc5 18. Qa3 Bg6 19. Ndb5 Ncxd3 20. d6 cxd6 21.
Nd5 Qd8 1-0

[Event "IV Campeonato de España de Selecciones"]
[Site "?"]
[Date "2009.05.01"]
[Round "3.2"]
[White "Massanet Massanet, Sebastian"]
[Black "Ojer Lora, Iker"]
[Result "1-0"]
[WhiteElo "2279"]
[BlackElo "2081"]
[PlyCount "53"]
[EventDate "2009.??.??"]

1. d4 e6 2. Nf3 c5 3. g3 Nf6 4. Bg2 Nc6 5. O-O d5 6. c4 cxd4 7. Nxd4 Be7 8. Nc3
O-O 9. cxd5 Nxd5 10. Nxd5 exd5 11. Be3 Bf6 12. Rc1 Nxd4 13. Bxd4 Be6 14. Qd2
Bxd4 15. Qxd4 Qa5 16. a3 Rac8 17. h4 Qb5 18. e3 a5 19. Rfd1 Rxc1 20. Rxc1 b6
21. Rd1 h5 22. Rd2 Rc8 23. Kh2 Rc5 24. Qe5 g6 25. e4 d4 26. Qxd4 g5 27. Qf6 1-0

[Event "IV Campeonto de España de Selecciones"]
[Site "?"]
[Date "2009.05.01"]
[Round "3.3"]
[White "Sevilla Subiza, Javier"]
[Black "Tattersall Rodriguez, Lester"]
[Result "0-1"]
[WhiteElo "1867"]
[BlackElo "2305"]
[PlyCount "106"]
[EventDate "2009.??.??"]

1. d4 Nf6 2. c4 g6 3. f3 Bg7 4. e4 d6 5. Nc3 O-O 6. Be3 Nc6 7. Qd2 a6 8. Nge2
Rb8 9. Ng3 e5 10. d5 Nd4 11. Nge2 c5 12. dxc6 Nxc6 13. O-O-O Be6 14. Ng3 Nd4
15. Kb1 Nd7 16. h4 h5 17. Bh6 b5 18. Bxg7 Kxg7 19. cxb5 axb5 20. Bd3 b4 21. Nd5
Nb6 22. Nxb6 Rxb6 23. b3 f6 24. Ne2 Nc6 25. g4 hxg4 26. fxg4 Bxg4 27. Rdg1 Qd7
28. h5 g5 29. Bc4 Rh8 30. Qd5 Nd8 31. Ng3 Ne6 32. Qa5 Qb7 33. Bd5 Ra6 34. Bxb7
Rxa5 35. Rc1 Ra7 36. Bd5 Nf4 37. Bc4 Nxh5 38. Nxh5+ Rxh5 39. Rhg1 Bf3 40. Bd5
Rh2 41. Rc2 Rxc2 42. Kxc2 Rxa2+ 43. Kd3 g4 44. Be6 Rg2 45. Rxg2 Bxg2 46. Bxg4
d5 47. Bf5 Bxe4+ 48. Bxe4 dxe4+ 49. Kxe4 Kf7 50. Kd5 Ke7 51. Kc4 e4 52. Kxb4 e3
53. Kc3 f5 0-1

[Event "IV Campeonato de España de Selecciones"]
[Site "?"]
[Date "2009.05.01"]
[Round "3.4"]
[White "Planells Roig, Josep"]
[Black "Idiazabal Troyas, Aritz"]
[Result "1-0"]
[WhiteElo "2076"]
[BlackElo "1838"]
[PlyCount "61"]
[EventDate "2009.??.??"]

1. e4 c5 2. Nf3 Nc6 3. d4 cxd4 4. Nxd4 g6 5. Nc3 Bg7 6. Be3 Nf6 7. Bc4 Qa5 8.
O-O O-O 9. Nb3 Qd8 10. Bg5 d6 11. Re1 Bd7 12. Qd2 Rc8 13. Rad1 Ne5 14. Be2 Nc4
15. Bxc4 Rxc4 16. e5 Bg4 17. f3 Qc8 18. exf6 exf6 19. Bh6 Bf5 20. Bxg7 Kxg7 21.
Kh1 a6 22. Nd4 Bd7 23. Ne4 Qb8 24. Nxd6 Rc5 25. Ne4 Rh5 26. g4 Re5 27. Qf4 Qd8
28. g5 Rfe8 29. gxf6+ Kh8 30. Qh6 Rg8 31. Ng5 1-0

[Event "IV Campeonato de España de Selecciones"]
[Site "?"]
[Date "2009.05.01"]
[Round "3.5"]
[White "Jimenez Almeida, Luis David"]
[Black "Grau Carreras, Monica"]
[Result "0-1"]
[WhiteElo "1790"]
[BlackElo "2063"]
[PlyCount "55"]
[EventDate "2009.??.??"]

1. e4 c5 2. Nf3 Nc6 3. d4 cxd4 4. Nxd4 g6 5. Nc3 Bg7 6. Be3 Nf6 7. Bc4 Qa5 8.
f3 Qb4 9. Nxc6 Qxc4 10. Ne5 Qc7 11. Nd3 d6 12. Qd2 O-O 13. Bh6 Be6 14. h4 Rfc8
15. g4 Bh8 16. h5 Qa5 17. Ne2 Qa4 18. Nc3 Qc4 19. Bf4 b5 20. hxg6 fxg6 21.
O-O-O b4 22. Nb1 a5 23. Qh2 Bg7 24. e5 dxe5 25. Bxe5 Kf7 26. Bxf6 exf6 27. b3
Qc6 28. Nf4 0-1

[Event "IV Campeonato de España de Selecciones"]
[Site "?"]
[Date "2009.05.01"]
[Round "3.6"]
[White "Bujosa Ribas, Joan"]
[Black "Sevilla Subiza, Marina"]
[Result "1-0"]
[WhiteElo "2019"]
[BlackElo "1568"]
[PlyCount "121"]
[EventDate "2009.??.??"]

1. e4 e6 2. d4 d5 3. exd5 exd5 4. Bd3 Bd6 5. Nf3 Bg4 6. O-O Ne7 7. Nbd2 O-O 8.
Bxh7+ Kh8 9. Bd3 Nd7 10. c3 Nf6 11. Qc2 Qc8 12. Re1 Bf5 13. Ne5 Bxd3 14. Qxd3
c6 15. Nf1 Qf5 16. Qxf5 Nxf5 17. Ne3 Nxe3 18. Bxe3 Rae8 19. Nd3 Ng4 20. Bf4
Bxf4 21. Nxf4 Nf6 22. f3 Nd7 23. Kf2 g6 24. Rxe8 Rxe8 25. Re1 Rxe1 26. Kxe1 Kg7
27. Ke2 Kf6 28. Ke3 Kf5 29. Nd3 b6 30. Nb4 Nb8 31. h4 a5 32. Nd3 Nd7 33. g4+
Ke6 34. Kf4 Kf6 35. Ne5 Nb8 36. g5+ Kg7 37. Kg4 c5 38. h5 gxh5+ 39. Kxh5 f6 40.
gxf6+ Kxf6 41. Kg4 cxd4 42. cxd4 b5 43. f4 Na6 44. a3 b4 45. a4 Nc7 46. Nc6 Ne6
47. f5 Ng7 48. Nxa5 Nxf5 49. Nc6 b3 50. a5 Ne3+ 51. Kf3 Nc4 52. a6 Nxb2 53. a7
Nc4 54. a8=Q b2 55. Qd8+ Kg6 56. Qxd5 b1=Q 57. Qxc4 Qh1+ 58. Ke3 Qh3+ 59. Kd2
Qh2+ 60. Kc3 Qg3+ 61. Qd3+ 1-0

[Event "IV Campeonato de España de Selecciones"]
[Site "?"]
[Date "2009.05.01"]
[Round "3.1"]
[White "Veganzones Rojo, David"]
[Black "Cacho Reigadas, Sergio"]
[Result "0-1"]
[WhiteElo "2103"]
[BlackElo "2469"]
[PlyCount "94"]
[EventDate "2009.??.??"]

1. d4 Nf6 2. c4 d6 3. Nc3 Nbd7 4. Nf3 e5 5. e4 Be7 6. Be2 O-O 7. O-O c6 8. Re1
a6 9. Bf1 Qc7 10. Rb1 Re8 11. d5 cxd5 12. cxd5 b5 13. Bd2 Bd8 14. b4 Nb6 15.
Qb3 Bd7 16. Rec1 Qa7 17. h3 Rc8 18. Be3 Qb8 19. Nd2 Nh5 20. g4 Nf4 21. Ne2
Nxe2+ 22. Bxe2 Na4 23. Nf1 Bb6 24. Bxb6 Qxb6 25. Qd3 Qd4 26. Qxd4 exd4 27. Rxc8
Rxc8 28. Bd3 Rc3 29. Rb3 Rxb3 30. axb3 Nc3 31. f4 Na2 32. e5 Nxb4 33. Be4 a5
34. Nd2 Kf8 35. Kf2 Bc8 36. Ke1 Bb7 37. exd6 Bxd5 38. Bxd5 Nxd5 39. Nf3 d3 40.
Kd2 Nxf4 41. Nd4 a4 42. Nxb5 axb3 43. Kc3 Nxh3 44. Nd4 b2 45. Kxb2 Nf2 46. Kc3
Nxg4 47. Kxd3 Ke8 0-1

[Event "IV Campeonato de España de Selecciones "]
[Site "?"]
[Date "2009.05.01"]
[Round "3.3"]
[White "Gete Rodriguez, Isidro"]
[Black "Martin Fuentes, Alberto"]
[Result "1-0"]
[WhiteElo "1980"]
[BlackElo "2244"]
[PlyCount "75"]
[EventDate "2009.??.??"]

1. d4 Nf6 2. c4 e5 3. dxe5 Ng4 4. e3 Nxe5 5. Nh3 Nbc6 6. Nf4 Bc5 7. Nc3 O-O 8.
Be2 d6 9. a3 a5 10. Nfd5 Be6 11. O-O f5 12. Rb1 Ne7 13. b4 axb4 14. axb4 Ba7
15. Nb5 Bb8 16. Nd4 Bd7 17. Nf4 Qe8 18. c5 d5 19. b5 c6 20. b6 Kh8 21. Bb2 Ng8
22. Ra1 Rxa1 23. Qxa1 Nf6 24. Qa8 g5 25. Qxb7 gxf4 26. exf4 Ng6 27. g3 Kg8 28.
Bd3 Rf7 29. Ra1 Nxf4 30. gxf4 Rg7+ 31. Kf1 Ng4 32. Nf3 Rf7 33. Ra8 Rf8 34. Bxf5
Ne3+ 35. fxe3 Qxe3 36. Bxh7+ Kxh7 37. Qxd7+ Kg6 38. Qg7+ 1-0

[Event "IV Campeonato de España de Selecciones"]
[Site "?"]
[Date "2009.05.01"]
[Round "3.4"]
[White "Perez Lopez, Jesus Maria"]
[Black "De La Cruz Revilla, Miguel"]
[Result "0-1"]
[WhiteElo "2263"]
[BlackElo "1907"]
[PlyCount "136"]
[EventDate "2009.??.??"]

1. d4 Nf6 2. c4 e6 3. Nf3 b6 4. g3 Bb7 5. Bg2 Be7 6. O-O O-O 7. Nc3 d5 8. Ne5
Qc8 9. cxd5 exd5 10. Qb3 Qe6 11. Bg5 Rd8 12. Nd3 c6 13. Rfe1 Qf5 14. h4 h6 15.
Bf4 Ba6 16. e4 dxe4 17. Ne5 Qe6 18. Qxe6 fxe6 19. Nxe4 Rxd4 20. Ng6 Kf7 21.
Nxe7 Kxe7 22. Nxf6 gxf6 23. Bxh6 Bc4 24. Be3 Rd6 25. Bf4 e5 26. Be3 Bd5 27. a4
Bxg2 28. Kxg2 Ke6 29. a5 b5 30. h5 Na6 31. Rh1 Rd7 32. Rac1 Rc8 33. Rh4 c5 34.
Rg4 Rh7 35. h6 Kf5 36. Rh4 c4 37. f4 Nb4 38. fxe5 fxe5 39. Rf1+ Ke6 40. Rg4 Nd3
41. Rg6+ Kd5 42. Rg7 Rhh8 43. Rxa7 Nxb2 44. Rb7 Nd3 45. Rxb5+ Ke4 46. Bg5 c3
47. a6 Ra8 48. Rb6 Rhc8 49. Kh3 c2 50. Kh4 c1=Q 51. Bxc1 Nxc1 52. g4 Nd3 53.
Rf7 Nf4 54. Kg5 Rg8+ 55. Rg7 Rge8 56. Kh4 Nd5 57. Rbg6 Nf4 58. Rd6 Kf3 59. Rf6
Rac8 60. h7 Rh8 61. Kg5 Ke4 62. a7 Nd5 63. Ra6 Ra8 64. Kh6 Kd4 65. g5 e4 66.
Rd7 e3 67. Re6 Rae8 68. a8=Q Rxe6+ 0-1

[Event "IV Campeonato de España de Selecciones"]
[Site "?"]
[Date "2009.05.01"]
[Round "3.5"]
[White "Ausin Matilla, Daniel"]
[Black "Ceballos Hornero, Daniel"]
[Result "0-1"]
[WhiteElo "1936"]
[BlackElo "2209"]
[PlyCount "80"]
[EventDate "2009.??.??"]

1. e4 Nf6 2. e5 Nd5 3. c4 Nb6 4. d4 d6 5. exd6 cxd6 6. Nc3 g6 7. Be3 Bg7 8. Rc1
O-O 9. b3 Bf5 10. Nf3 h6 11. Be2 e5 12. dxe5 dxe5 13. Qxd8 Rxd8 14. O-O Nc6 15.
Nb5 Nd4 16. Nfxd4 exd4 17. Bf4 g5 18. Bd2 Rd7 19. a4 a6 20. Na3 d3 21. Bh5 Bb2
22. Nb1 Bxc1 23. Rxc1 Nc8 24. a5 Nd6 25. Bf3 Be4 26. Nc3 Bxf3 27. gxf3 Nf5 28.
Nd5 Rxd5 29. cxd5 Rd8 30. Kg2 Rxd5 31. b4 Nd4 32. Rc8+ Kg7 33. Rc3 Nc6 34. Rb3
Kf6 35. f4 gxf4 36. Rb2 Kf5 37. Kf3 Ne5+ 38. Kg2 Nc4 39. Ra2 Nxd2 40. Rxd2 Ke4
0-1

[Event "IV Campeonato de España de Selecciones "]
[Site "?"]
[Date "2009.05.01"]
[Round "3.6"]
[White "Iglesias Gascon, Albanta"]
[Black "Romero Diez, Sandra"]
[Result "0-1"]
[WhiteElo "1993"]
[BlackElo "1652"]
[PlyCount "84"]
[EventDate "2009.??.??"]

1. d4 d5 2. Nf3 Nf6 3. Bf4 Bg4 4. e3 e6 5. h3 Bh5 6. Be2 Be7 7. Nbd2 O-O 8. g4
Bg6 9. Ne5 Nfd7 10. Nxg6 fxg6 11. Nf3 c5 12. c3 Nc6 13. Qd2 Nf6 14. dxc5 Bxc5
15. Bd3 Bd6 16. Bxd6 Qxd6 17. Qe2 e5 18. Bc2 Rad8 19. O-O-O Qc7 20. Rd2 e4 21.
Nd4 Qe7 22. h4 Ne5 23. Rg1 Nfd7 24. g5 Nc5 25. Kb1 Ncd3 26. Bxd3 Nxd3 27. f4
Rd6 28. h5 gxh5 29. Qxh5 g6 30. Qh3 b6 31. Rh1 Rf7 32. Qc8+ Rf8 33. Qh3 Rf7 34.
Nb3 Qc7 35. Ka1 Rc6 36. Rdh2 Rd6 37. Qg2 Qc4 38. Kb1 Qa4 39. Nc1 Nxc1 40. Kxc1
Qxa2 41. Qg4 Qc4 42. Qg2 Qd3 0-1